000 00399nam a22001697a 4500
005 20160627160845.0
008 160627b xxu||||| |||| 00| 0 eng d
020 _a0-521-49852-X
041 _aeng
082 _b10670
100 _aFrank, Harry and Althone, Steven C
_92986
245 _aStatistics
260 _bCambridge Uni. Press
300 _a839
650 _aManagement
_9241
942 _cBK
999 _c4320
_d4319